12 mois en 15 secondes : mars - Statistiques

Statistiques générales
  • Ce quiz a été pris 1 123 fois
  • Le résultat moyen est 12 sur 15
Statistiques - réponses
Mars % Correct
Mars
100%
Mars
94%
Mars
93%
Mars
90%
Mars
89%
Mars
86%
Mars
85%
Mars
83%
Mars
79%
Mars
75%
Mars
70%
Mars
66%
Mars
61%
Mars
54%
Mars
46%
Aucun quiz correspondant
Distribution des résultats
% des personnes avec chaque résultat
Percentile par nombre de réponses
Votre historique - résultats
Vous n’avez pas pris ce quiz